Giáo trình di truyền và chọn giống thủy sản

Nội dung giáo trình trình bày các khái niệm cơ bản về di truyền học, di truyền các tính trạng chất lượng, quần thể, số lượng và đưa ra các phương pháp cải thiện tính di truyền, công nghệ di truyền trong thủy sản....

Volledige beschrijving

Bewaard in:
Bibliografische gegevens
Hoofdauteur: Phạm, Thanh Liêm
Formaat: Boek
Taal:Undetermined
Gepubliceerd in: Hà Nội Nông nghiệp 2015
Onderwerpen:
Tags: Voeg label toe
Geen labels, Wees de eerste die dit record labelt!
Thư viện lưu trữ: Trung tâm Học liệu Trường Đại học Cần Thơ
LEADER 01017nam a2200229Ia 4500
001 CTU_203926
008 210402s9999 xx 000 0 und d
020 |c 60000 
082 |a 639.3 
082 |b L304 
100 |a Phạm, Thanh Liêm 
245 0 |a Giáo trình di truyền và chọn giống thủy sản 
245 0 |c Phạm Thanh Liêm, Dương Thúy Yên, Bùi Minh Tâm 
260 |a Hà Nội 
260 |b Nông nghiệp 
260 |c 2015 
520 |a Nội dung giáo trình trình bày các khái niệm cơ bản về di truyền học, di truyền các tính trạng chất lượng, quần thể, số lượng và đưa ra các phương pháp cải thiện tính di truyền, công nghệ di truyền trong thủy sản. 
526 |a Di truyền thủy sản 
526 |b TS609 
650 |a Aquaculture,Nuôi trồng thủy sản 
904 |i Bằng 
980 |a Trung tâm Học liệu Trường Đại học Cần Thơ